Nyitravármegye kőztőrvényhatóságának Szabályrendeletei ... II. kötet - I. füzet

Bibliographic Details
Main Author: Rudnay, Belo, 1857-1932 (Author)
Format: Book
Language:English
PhysicalDescription:50 s.
Published: Nyitrán Huszár István 1888

MARC

LEADER 00000nam a2200000 a 4500
001 vtls008688617
003 SK-MaSNL
005 20260302004504.0
008 240313 000 0 eng
040 |a SNK  |b slo  |c SNK  |e AACR2 
100 1 |a Rudnay, Belo,  |d 1857-1932  |4 aut  |9 181069 
245 1 |a Nyitravármegye kőztőrvényhatóságának Szabályrendeletei ...  |n II. kötet - I. füzet 
260 |a Nyitrán  |b Huszár István  |c 1888 
300 |a 50 s. 
999 |c 996014  |d 997944 
952 |a SNK  |b SNK  |y PREZ  |7 0  |p 17A0504421  |o snkSD 13332/2/1  |i snk6649/57  |3 rekatalogizácia  |0 0  |1 0  |4 0  |d 2006-04-05  |l 0  |r 2025-11-26 00:00:00  |w 2026-02-24